Normal view
MARC view
- Fatima,Beenish & Hameed,Tanyah
Entry Personal Name
001 - CONTROL NUMBER
- control field: 4907
003 - CONTROL NUMBER IDENTIFIER
- control field: NUST
005 - DATE AND TIME OF LATEST TRANSACTION
- control field: 20170922155814.0
008 - FIXED-LENGTH DATA ELEMENTS
- fixed length control field: 170922|| aca||aabn | a|a d
040 ## - CATALOGING SOURCE
- Original cataloging agency: NUST
- Transcribing agency: NUST
100 ## - HEADING--PERSONAL NAME
- Personal name: Fatima,Beenish & Hameed,Tanyah
670 ## - SOURCE DATA FOUND
- Source citation: Work cat.: (NUST): Fatima,Beenish & Hameed,Tanyah, Trade lessons for saarc from asean, 2014
